000 00689nam a2200289Ia 4500
005 20260324150340.0
008 008 260324s9999 xx 000 0 eng d
020 _a9781315313054
037 _aEBOOK
040 _aCRL
040 _beng
040 _cCRL
041 _2eng
041 _aeng
084 _qCRL
100 _aPamela Gulliver; P. H. Gulliver
_91226114
245 4 _aThe Central Nilo-Hamites
245 0 _bEast Central Africa Part VII
260 _bTaylor and Francis
260 _c1968
365 _a
365 _b180
856 _uhttp://www.taylorfrancis.com/books/9781315313054
942 _cEBOOK
999 _c1835410
_d1835410